000 00311nam a22001217a 4500
008 181126b xxu||||| |||| 00| 0 eng d
041 _aeng
080 _a043.3
100 _a0
101 _aBTH-SI
245 _aImpakti i Teknologjise Informative ne Menaxhimin e Burimeve Njerezore
_cHoxha, A
942 _2udc
_cBK
999 _c52507
_d52507